000 00438nam a22001697a 4500
003 NUST - PNEC
005 20170116181008.0
008 150912b xxu||||| |||| 00| 0 eng d
020 _a0071002103
040 _cLIBRARY
082 _a005.4465 MOR
100 _99907
_aMorgan, Rachel
245 _aIntroducing UNIX System V
_cRachel Morgan
260 _cc.1987
650 _99909
_aUNIX System V (Computer file)
_xMIS
942 _2ddc
_cBK
999 _c66945
_d66945